000 00926nam0a22002771 4500
001 rc\4571817
005 20250612121825.0
021 _aRU
_b[63-47679]
035 _a(NLR Aleph) 008651850
090 _a9007028
_c9007028
100 _a20130416d1963 |||y0rusy50 ca
101 0 _arus
102 _aRU
105 _aab z |||||
200 1 _aМелиоративный кадастр СССР
210 _aМосква
_cСельхозиздат
_d1963
215 _a407 с., 2 л. карт.
_cчерт.
_d21
320 _aБиблиогр.: с. 401-404
606 _aМелиоративный кадастр СССР
_2psbo
700 1 _7ca
_8rus
_aМарков
_bП. В.
_cканд. с.-х. наук, мелиорация
_gПетр Васильевич
_9255319
_3RU\NLR\AUTH\770255375
801 0 _aRU
_bNLR
_gpsbo
801 1 _aRU
_bELAR
_2rusmarc
852 _aNLR
_j63-3/3489
942 _cBOOK
980 _aNB